100 Biggest Cities in Netherlands - Statistics

General Stats
  • This quiz has been taken 2,239 times
  • The average score is 46 of 100
Answer Stats
Rank Population Answer % Correct
1 741,636 Amsterdam
99%
2 598,199 Rotterdam
99%
3 474,292 The Hague
98%
4 290,529 Utrecht
94%
5 209,620 Eindhoven
91%
7 181,194 Groningen
91%
18 122,378 Maastricht
86%
9 167,673 Breda
81%
12 147,590 Haarlem
80%
10 158,732 Nijmegen
79%
6 199,613 Tilburg
79%
13 141,674 Arnhem
77%
22 111,805 Zwolle
75%
8 176,432 Almere
74%
11 153,655 Enschede
74%
16 134,520 's-Hertogenbosch
74%
19 119,713 Leiden
73%
25 94,853 Alkmaar
72%
15 136,670 Apeldoorn
69%
27 92,403 Venlo
69%
28 91,424 Leeuwarden
68%
14 139,914 Amersfoort
67%
20 119,260 Dordrecht
65%
42 70,741 Lelystad
64%
24 95,060 Delft
63%
40 71,952 Gouda
61%
64 46,485 Middelburg
61%
39 72,725 Almelo
59%
48 62,237 Assen
59%
52 59,569 Den Helder
59%
30 80,809 Hengelo
58%
54 57,010 Emmen
56%
23 97,331 Deventer
54%
29 83,640 Hilversum
53%
74 43,094 Heerenveen
52%
26 93,084 Heerlen
52%
34 76,430 Oss
51%
32 77,725 Roosendaal
50%
69 45,273 Vlissingen
50%
72 44,975 Roermond
49%
41 71,708 Zaandam
49%
21 115,845 Zoetermeer
49%
45 67,670 Ede
48%
61 48,400 Sittard
48%
44 68,852 Hoorn
47%
46 66,256 Bergen op Zoom
45%
31 79,639 Amstelveen
43%
37 74,740 Helmond
43%
94 32,811 Sneek
42%
43 70,251 Alphen aan den Rijn
41%
56 49,906 Doetinchem
40%
57 49,777 Kerkrade
40%
51 60,949 Zeist
40%
85 36,931 Goes
39%
86 36,188 Zutphen
38%
17 132,734 Hoofddorp
37%
33 76,745 Purmerend
37%
35 75,438 Schiedam
37%
79 39,047 Venray
37%
88 35,433 Wageningen
36%
67 45,610 Waalwijk
35%
58 48,980 Kampen
34%
49 61,489 Nieuwegein
34%
73 44,537 Drachten
32%
65 46,409 Emmeloord
32%
95 32,790 Geleen
32%
77 40,516 Harderwijk
32%
80 38,754 Hoogeveen
31%
76 40,702 Tiel
31%
38 73,798 Vlaardingen
30%
90 34,736 Gorinchem
29%
50 61,271 Veenendaal
28%
59 48,662 Weert
28%
47 65,255 Capelle aan den IJssel
27%
62 47,580 Heerhugowaard
27%
36 74,988 Spijkenisse
27%
60 48,431 Woerden
27%
81 38,672 Barendrecht
25%
84 37,585 Beverwijk
25%
71 45,021 Soest
25%
55 53,107 Oosterhout
24%
100 31,334 Bussum
22%
93 33,385 Epe
22%
68 45,292 Huizen
22%
91 34,601 Uden
22%
70 45,189 Ridderkerk
21%
63 47,299 Rijswijk
21%
82 38,335 Nijkerk
20%
99 31,410 Oldenzaal
20%
66 45,696 Zwijndrecht
18%
89 35,256 Castricum
17%
53 57,909 Hardenberg
17%
92 33,886 IJsselstein
17%
87 36,170 Heemskerk
16%
96 32,780 Maassluis
16%
98 31,621 Papendrecht
16%
83 38,000 Voorburg
16%
78 39,675 Maarssen
15%
97 32,693 Wijchen
15%
75 41,500 Medemblik
10%
No matching quizzes found
Score Distribution
Percent of People with Each Score
Percentile by Number Answered
Your Score History
You have not taken this quiz